| 000 | 01482cam a22003857a 4500 | ||
|---|---|---|---|
| 003 | CHAP | ||
| 005 | 20250619133143.0 | ||
| 008 | 010730d2001 mx ad r 00110 spa d | ||
| 010 | _a84359 | ||
| 011 | _a85331 | ||
| 035 | _a95864 | ||
| 040 | _cCHAP | ||
| 090 | _aTesis | ||
| 100 | 1 | 0 |
_aGil Vázquez, C. Marcos _947958 |
| 245 | 1 | 0 |
_aEstudio de factibilidad técnica-económica y financiera para el establecimiento de una empacadora de mango de exportación: _bEl Calvario, Nuevo Urecho, Mich. _c/por C. Marcos Gil Vázquez |
| 260 |
_aChapingo, Méx. : _bEl autor, _c2001. |
||
| 300 |
_a45 h. : _bilus. ; gráfs. ; cuadros ; tabla ; anexos |
||
| 502 | _aTesis (Ing. Agroindustrial) -- UACH. Departamento de Ingeniería Agroindustrial | ||
| 590 |
_aALEPH _b10 _c20130110 _lUCH01 _h1443 |
||
| 590 |
_aBATCH-UPD _b10 _c20130110 _lUCH01 _h0732 |
||
| 590 |
_aBATCH-UPD _b10 _c20130410 _lUCH01 _h0416 |
||
| 590 |
_aBATCH-UPD _b10 _c20130914 _lUCH01 _h1015 |
||
| 590 |
_aCONVERSION _b10 _c20130109 _lUCH01 _h1347 |
||
| 650 | 1 | 4 |
_aComercio exterior _zMéxico. _925638 |
| 650 | 1 | 4 |
_aEmpacadoras. _936537 |
| 650 | 1 | 4 |
_aEstudios de factibilidad. _938520 |
| 650 | 1 | 4 |
_aMango _xEmpaque. _970409 |
| 650 | 1 | 4 |
_aMango _xMercadeo. _970434 |
| 650 | 1 | 4 |
_aMango _xMichoacán. _970436 |
| 901 | _aBK | ||
| 905 | _aMarco A. Mendoza T. | ||
| 942 | _cFOLL | ||
| 949 |
_aTesis _bBC _cTES _d33724000838652 _eTS2 _fc.2 _gDonaciØn _h38373 _i95864 _si |
||
| 949 |
_aTesis _bBC _cTES _d958641 _eTS1 _gDonaciØn _h38372 _i95864 _sb |
||
| 999 |
_c84359 _d84359 |
||